| 000 | 00356nam a2200133Ia 4500 | ||
|---|---|---|---|
| 008 | 150202s9999 xx 000 0 und d | ||
| 020 | _a006100331X | ||
| 050 |
_aFIC _bFIC |
||
| 100 | _aDoctorow, E.L. | ||
| 245 |
_aBilly bathgate / _cE.L. Doctorow. |
||
| 260 |
_aNew York : _bStripped Books, _c1989. |
||
| 300 |
_a484 pages : _c18 cm. |
||
| 650 | _aFiction. | ||
| 999 |
_c281991 _d281991 |
||